الموسوعة العلمية / (رقم التسجيلة. 58821)

تفاصيل مارك
000 -الفاتح
عناصر البيانات ثابتة الطول 00626cam a2200181 i 4500
005 - تاريخ ووقت آخر معاملة
حقل ضبط 20251108171203.0
008 - عناصر البيانات ثابتة الطول
عناصر البيانات ثابتة الطول 250721s2000 sy gr 000 0 ara d
082 14 - رقم تصنيف ديوي العشري
رقم التصنيف 031
رقم المادة م ا ر
100 1# - مدخل رئيسي – اسم شخصي
الاسم الشخصي مارديني، عبد الرحيم
علاقة الشخص بالعمل/ دوره معد.
245 10 - بيان العنوان
العنوان الموسوعة العلمية /
بيان المسؤولية اعداد عبد الرحيم مارديني.
264 31 - بيانات النشر، التوزيع…إلخ
مكان النشر، التوزيع...إلخ دمشق :
اسم الناشر، الموزع...إلخ دار المحبة دمشق،
تاريخ النشر، التوزيع...إلخ 2000.
300 ## - الوصف المادي
عدد الوحدات المكونة للوعاء 247 صفحة.
650 17 - مدخل إضافي بالموضوع - مصطلح موضوعي
مصطلح موضوعي أو اسم جغرافي كعنصر مدخل الثقافة.
650 17 - مدخل إضافي بالموضوع - مصطلح موضوعي
مصطلح موضوعي أو اسم جغرافي كعنصر مدخل الأسئلة و الأجوبة.
650 17 - مدخل إضافي بالموضوع - مصطلح موضوعي
مصطلح موضوعي أو اسم جغرافي كعنصر مدخل الثقافة الإسلامية.
942 ## - بيانات إضافية (كوها)
نوع التنصيف Dewey Decimal Classification
نوع المادة (كوها) كتب
المقتنيات
حالة السحب حالة الفقدان مصدر التصنيف حالة التلف غير قابل للإعارة المكتبة الرئيسية المكتبة الحالية موقع الرف تاريخ التزويد الرقم المتسلسل Total Checkouts رقم الإستدعاء تاريخ آخر ظهور تاريخ الفاتورة نوع المادة (كوها) الباركود
    Dewey Decimal Classification Unchecked   المكتبة المركزية المكتبة المركزية الإعارة 06/07/2004 572947   031/مار 28/07/2025 06/07/2004 كتب  
    Dewey Decimal Classification     المكتبة المركزية المكتبة المركزية الإعارة 28/07/2025 618255   031 / م ا ر 28/07/2025 28/07/2025 كتب 618255
    Dewey Decimal Classification     مكتبة أبو علندا العامة مكتبة أبو علندا العامة الإعارة 06/07/2004 572957   031/مار 28/07/2025 06/07/2004 كتب 572957
    Dewey Decimal Classification     مكتبة الأميرة ايمان العامة مكتبة الأميرة ايمان العامة الإعارة 28/07/2025 572949   031/مار 28/07/2025 28/07/2025 كتب 572949
    Dewey Decimal Classification Unchecked   مكتبة الاميرة بديعة مكتبة الاميرة بديعة الإعارة 06/07/2004 572952   031/مار 28/07/2025 06/07/2004 كتب  
    Dewey Decimal Classification Unchecked   مكتبة الجويدة مكتبة الجويدة الإعارة 28/07/2025 572952   031/مار 28/07/2025 28/07/2025 كتب  
    Dewey Decimal Classification     مكتبة وادي السير العامة مكتبة وادي السير العامة الإعارة 28/07/2025 572958   031/مار 28/07/2025 28/07/2025 كتب 572958
Implemented & Customized by: BBB with SCIT (Smart Chains for Information Technology)

Powered by Koha